| 000 | 00458nmm a2200157Ia 4500 | ||
|---|---|---|---|
| 008 | 251105s9999||||xx |||||||||||||||||und|| | ||
| 020 | _a9788416213030 | ||
| 041 | _aspa | ||
| 100 | _aOrdóñez, Marcos | ||
| 245 | 0 | _aBig Time, la gran vida de Perico Vidal | |
| 264 |
_a[Madrid, España] : _bLibros del asteroide, _c2014 |
||
| 300 | _a288 páginas | ||
| 650 | _aSpanish narrative | ||
| 856 | _uhttps://public.digitaliapublishing.com/a/33460 | ||
| 942 | _cCF | ||
| 999 |
_c77382 _d77382 |
||